Guess the Harry Potter Movies by Scene #22 - Statistics

General Stats
  • This quiz has been taken 114 times
  • The average score is 19 of 20
Answer Stats
Picture Answer % Correct
Goblet of Fire
96%
Half-Blood Prince
96%
Order of the Phoenix
96%
Order of the Phoenix
96%
Philosopher's Stone
96%
Chamber of Secrets
93%
Chamber of Secrets
93%
Deathly Hallows – Part 1
93%
Deathly Hallows – Part 2
93%
Goblet of Fire
93%
Goblet of Fire
93%
Order of the Phoenix
93%
Philosopher's Stone
93%
Prisoner of Azkaban
93%
Prisoner of Azkaban
93%
Deathly Hallows – Part 1
89%
Deathly Hallows – Part 2
89%
Prisoner of Azkaban
89%
Prisoner of Azkaban
89%
Order of the Phoenix
86%
No matching quizzes found
Score Distribution
Percent of People with Each Score
Percentile by Number Answered
Your Score History
You have not taken this quiz